25 years of CSIR. (Record no. 85753)
[ view plain ]
| 000 -LEADER | |
|---|---|
| fixed length control field | 00662cam a2200217 4500 |
| 001 - CONTROL NUMBER | |
| control field | sa 68014397 |
| 003 - CONTROL NUMBER IDENTIFIER | |
| control field | DLC |
| 005 - DATE AND TIME OF LATEST TRANSACTION | |
| control field | 20260227112631.0 |
| 008 - FIXED-LENGTH DATA ELEMENTS--GENERAL INFORMATION | |
| fixed length control field | 700220s1968 ii a 00000 eng |
| 010 ## - LIBRARY OF CONGRESS CONTROL NUMBER | |
| LC control number | sa 68014397 //r84 |
| 025 ## - OVERSEAS ACQUISITION NUMBER | |
| Overseas acquisition number | PL480:I-E-10896 |
| 050 0# - LIBRARY OF CONGRESS CALL NUMBER | |
| Classification number | Q73 |
| Item number | .T95 |
| 082 ## - DEWEY DECIMAL CLASSIFICATION NUMBER | |
| Classification number | 507/.2/054 |
| 245 00 - TITLE STATEMENT | |
| Title | 25 years of CSIR. |
| 260 0# - PUBLICATION, DISTRIBUTION, ETC. | |
| Place of publication, distribution, etc. | [New Delhi, |
| Name of publisher, distributor, etc. | Council of Scientific and Industrial Research, |
| Date of publication, distribution, etc. | 1968] |
| 300 ## - PHYSICAL DESCRIPTION | |
| Extent | 76 p. |
| Other physical details | illus. (part col.) |
| Dimensions | 28 cm. |
| 500 ## - GENERAL NOTE | |
| General note | Cover title. |
| 610 20 - SUBJECT ADDED ENTRY--CORPORATE NAME | |
| Corporate name or jurisdiction name as entry element | Council of Scientific & Industrial Research (India) |
| 650 #0 - SUBJECT ADDED ENTRY--TOPICAL TERM | |
| Topical term or geographic name entry element | Research |
| Geographic subdivision | India. |
| 710 20 - ADDED ENTRY--CORPORATE NAME | |
| Corporate name or jurisdiction name as entry element | Council of Scientific & Industrial Research (India) |
No items available.